000 00624nam a2200229Ia 4500
003 OSt
005 20221005124228.0
006 a|||||r|||| 00| 0
007 ta
008 221004b |||||||| |||| 00| 0 eng d
024 _a64413
037 _cTextual
040 _aCRL
_cCRL
_beng
041 _2eng
_aeng
082 _aV596:4:N3, H4
100 _aDoorman P. L. G.
_9634881
245 0 _aMilitary operations in the Netherlands from 10th-17th May,1940,tr...by S.L.Salzedo
260 _c1944
650 _aHISTORY
942 _hV596:4:N3, H4
_cTEXL
_2cc
999 _c1049810
_d1049810